书目信息 |
| 题名: |
中国社会主义财政管理
|
|
| 作者: | 杜峻峰 编 | |
| 分册: | ||
| 出版信息: | 北京 中国人民大学出版社 1984 |
|
| 页数: | 654页 | |
| 开本: | 21cm | |
| 丛书名: | ||
| 单 册: | ||
| 中图分类: | F812.2 | |
| 科图分类: | ||
| 主题词: | 财政管理--中国 | |
| 电子资源: | ||
| ISBN: | ||
| 000 | 00655nam0 2200241 45 | |
| 001 | 0184013838 | |
| 005 | 20040430083109.7 | |
| 010 | @dCNY3.25 | |
| 091 | @a4011.488 | |
| 100 | @a19950612d1984 em y0chiy0121 ea | |
| 101 | 0 | @achi |
| 102 | @aCN@b110000 | |
| 105 | @ay z 000yy | |
| 106 | @ar | |
| 200 | 10 | @a中国社会主义财政管理@Azhong guo she hui zhu yi cai zheng guan li@f杜峻峰编 |
| 210 | @a北京@c中国人民大学出版社@d1984 | |
| 215 | @a654页@d21cm | |
| 606 | @a财政管理@y中国 | |
| 690 | @aF812.2@v3 | |
| 701 | 0 | @a杜峻峰@Adu jun feng@4编 |
| 801 | 0 | @aCN@b上海图书馆@c20040430 |
| 801 | 2 | @aCN@bNLC@c20040430 |
| 905 | @f2@b170502-503@dF812.2@e19 | |
| 中国社会主义财政管理/杜峻峰编.-北京:中国人民大学出版社,1984 |
| 654页;21cm |
| ISBN :CNY3.25 |
| ● |
| 相关链接 |
|
|
|
|
正题名:中国社会主义财政管理
索取号:F812.2/19
 
预约/预借
| 序号 | 登录号 | 条形码 | 馆藏地/架位号 | 状态 | 备注 |
| 1 | 0170502 | 000490150 | 第一借阅区/ [索取号:F812.2/19] | 在馆 | |
| 2 | 0170503 | 000490141 | 密集书库/ [索取号:F812.2/19] | 在馆 | |
| 3 | 0170504 | 000490132 | 第一样本阅览室/ [索取号:F812.2/19] | 在馆 |